000 01432nam0a2200361 4500
001 RU\NLR\bibl\1716447
005 20260406054824.0
010 _a978-5-360-00555-1
_92000
021 _aRU
_b2010-93296
_96283
035 _a(nilc)RSL-KNO-004834582
035 _a(NLR Aleph) 001707461
090 _a1258997
_c1258997
100 _a20101129d2011 |||y0rusy50 ca
101 0 _arus
102 _aRU
105 _aa |||||||||
200 1 _aПреподобный Димитрий Прилуцкий, вологодский чудотворец
_eк 500-летию Сретения чудотворного образа 3 июня 1503 года
210 _aМосква
_cВентана-Граф
_d2011 [т.е. 2010]
215 _a123, [4] с.
_cцв. ил., портр.
_d25
300 _aКн. фактически изд. в 2010 г.
600 0 _aДимитрий Прилуцкий
_cигумен
_f- 1392
_92041049
_3RU\NLR\auth\661225035
686 _aЭ372.24-574.8Дмитрий Прилуцкий,0
_2rubbk
686 _aЭ372.24-575.14,0
_2rubbk
686 _aЭ372.24-574.8
702 0 _4570
_8rus
_7ca
_aДимитрий Прилуцкий
_cигумен
_f-1392
_3RU\NLR\AUTH\779305
_9119141
801 0 _aRU
_bRuMoRKP
_c20101129
_grcr
801 1 _aRU
_bRuMoRGB
_c20101129
801 2 _aRU
_bNLR
_c20101220
_grcr
942 _cBOOK
980 _aNB
980 _aNBR